000 00812nas a22002297a 4500
999 _c40805
_d40805
005 20200520105410.0
007 cz aa aaaaa
008 200428c m||poo|||| 00| 0 eng d
022 _a2053-1591
040 _coclc
082 _a530
_bJOU/P
245 _aMaterials Research Express
_he-Journal (Open Access)
260 _bIOP Publishing,
300 _aPDF(online)
310 _aMonthly
365 _eOpen Access
500 _aAn open access, rapid peer-review journal publishing high quality research on the design, fabrication, properties and applications of all classes of materials.
650 0 _92317
_aNatural sciences & mathematics
_vPhysics
655 0 _92257
_ae-Journal
856 _uhttps://iopscience.iop.org/journal/2053-1591
942 _2ddc
_cEJ
_h530
_k530
_mJOU/P